| Поле | Инд. | ПП | Название | Значение |
|---|---|---|---|---|
| Тип записи | a | |||
| Библиографический уровень | m | |||
| 001 | Контрольный номер | 004710292 | ||
| 005 | Дата корректировки | 20151020151615.1 | ||
| 008 | Кодируемые данные | 100726s2010 y zzzz 000 1 rusdu | ||
| 020 | a | ISBN | 978-5-397-01355-0 | |
| 040 | a | Служба первич. каталог. | RuMo | |
| d | Организация, изменившая запись | НБ ТвГУ | ||
| e | Правила каталог. | rcr | ||
| 041 | 0_ | a | Код языка текста | rus |
| 080 | a | Индекс УДК | 519.83(075.8) | |
| 084 | a | Индекс другой классификации/Индекс ББК | В183.2я73-1 | |
| 090 | a | Полочн. индекс | В183.2 | |
| x | Авторский знак | К 60 | ||
| 100 | 1_ | a | Автор | Колесник Георгий Всеволодович |
| q | Полное имя | Колесник Г. В. | ||
| 245 | 00 | a | Заглавие | Теория игр |
| 250 | a | Основные сведения об издании | Изд. 2-е, испр. и доп. | |
| 260 | a | Место издания | Москва | |
| b | Издательство | URSS | ||
| b | Издательство | ЛИБРОКОМ | ||
| c | Дата издания | 2010 | ||
| 300 | a | Объем | 148 с. | |
| b | Иллюстрации/ тип воспроизводства | ил., табл. | ||
| c | Размеры | 22 см | ||
| 504 | a | Библиография | Библиогр.: с. 146-148 (40 назв.) | |
| 520 | 0_ | a | Аннотация | В настоящем учебном пособии излагаются базовые принципы и методы решения задач теории игр, а также вопросы их применения в экономико-математическом моделировании. Пособие охватывает основные направления современной теории игр: некооперативные игры в нормальной и развернутой форме и основы кооперативной теории. В книге уделено внимание сравнительно новым вопросам описания гибридного кооперативно-некооперативного взаимодействия агентов и анализа кооперативных игр с неопределенностью. Пособие предназначено для студентов и аспирантов, изучающих теорию игр, обучающихся по специальностям "Математика. Прикладная математика", "Прикладная математика и информатика" и "Математические методы в экономике", а также для специалистов, работающих в данной области. |
| 653 | 0_ | a | Ключевые слова | Игры (мат.) |
| a | Ключевые слова | Исследование операций | ||
| a | Ключевые слова | Математика | ||
| a | Ключевые слова | Математическая кибернетика | ||
| a | Ключевые слова | Теория игр | ||
| a | Ключевые слова | Учебники для вузов | ||
| 901 | t | Тип документа | m | |
| 920 | a | Оператор | Стру | |
| 930 | a | Новая/Ретро | учебники | |
| 952 | c | Вид литературы | К ру | |
| 954 | a | Дата поступления на обработку | 20110119 |